Mezi námi pastelkami /
Pracovní sešity obsahují systém grafomotorických cvičení, vycházející z posloupnosti vývoje dovedností dítěte. Cvičení uváděná v jednotlivých publikacích postupují od nejjednodušších prvků, které se v kresbě dítěte objevují nejdříve, a přecházejí k obtížnějším. Materiály přinášejí podněty k získání...
Uloženo v:
| Hlavní autor: | |
|---|---|
| Médium: | E-kniha |
| Jazyk: | Czech |
| Vydáno: |
Praha :
Albatros Media a.s.,
2013
|
| Tagy: |
Žádné tagy |
| LEADER | 01442nam a22002297i 4500 | ||
|---|---|---|---|
| 001 | 310083 | ||
| 007 | ta | ||
| 008 | 260601s2013 xr ||||| |||| 00| 0 cze d | ||
| 020 | |a 9788025108093 | ||
| 044 | |a xr | ||
| 100 | 1 | |a Bednářová, Jiřina |4 aut | |
| 245 | 1 | 0 | |a Mezi námi pastelkami / |c Bednářová, Jiřina |
| 264 | 1 | |a Praha : |b Albatros Media a.s., |c 2013 | |
| 300 | |a 1 online zdroj (96 stran) | ||
| 336 | |a text |b txt |2 rdacontent | ||
| 337 | |a bez média |b n |2 rdamedia | ||
| 338 | |a online zdroj |b cr |2 rdacarrier | ||
| 520 | 2 | |a Pracovní sešity obsahují systém grafomotorických cvičení, vycházející z posloupnosti vývoje dovedností dítěte. Cvičení uváděná v jednotlivých publikacích postupují od nejjednodušších prvků, které se v kresbě dítěte objevují nejdříve, a přecházejí k obtížnějším. Materiály přinášejí podněty k získání dovednosti, jejímu procvičování a posléze její fixaci před postupem do další úrovně obtížnosti. | |
| 910 | |a RBIT002 | ||
| 998 | |d 168509 |a https://core.palmknihy.cz/api/books/168509/cover?skagq7 |b https://core.palmknihy.cz/api/books/168509/cover/400?skagq7 |c https://core.palmknihy.cz/api/books/168509/cover/50?skagq7 |e 2050-12-31 |g 96 |i 9788025108093 |j https://core.palmknihy.cz/api/books/168509/preview.epub |k https://core.palmknihy.cz/api/books/168509/preview.pdf |l |q 49 |r 1 |s https://www.palmknihy.cz/kniha/168509 |t ebook |y 2013 |z 1 | ||
| 999 | |d 310081 | ||